00314 2200133 4500001002100000005001500021035002000036245005600056300000800112260002800120082000800148084001200156990001200168INLIS00000000000223520250527020113 a0010-0525000527 aCara Pintar Jadi Trainer /cChrisogonus D. Pramudyo a200 bIndonesia Cerdas,c2006 a600 a600 CAR a0713268